Estive aqui e lembrei-me de nós (Registo nº 74435)

Detalhes MARC
000 -Etiqueta do registo
campo de controlo de comprimento fixo 00977nam a2200313 4500
001 - Identificador do registo
Campo de controlo 74435
005 - Identificador da versão
Campo de controlo 20260408110258.0
010 ## - ISBN
Número (ISBN) 9789895835614
021 ## - Nº depósito legal
Código do país Portugal
Número 543104/25
100 ## - Dados Gerais de Proc.
Dados gerais de processamento 20250314d2025 m y0pory50030103ba
101 1# - Língua da publicação
Língua do texto, banda sonora, etc. Português
Língua do documento no original Espanhol
102 ## - País de Publicação
País de publicação Portugal
105 ## - Dados Codif. Livros
Dados codificados dos livros y z 000yy
106 ## - Atributos Físicos
Dados codificados do material textual r
200 1# - Título
Título próprio Estive aqui e lembrei-me de nós
Informação de outro título uma história sobre turismo, trabalho e classe
Primeira menção de responsabilidade Anna Pacheco
Outras menções de responsabilidade trad. Rita Custódio, Àlex Tarradellas
210 #9 - Publicação, Distribuição
Lugar da edição, distribuição, etc. Lisboa
Nome do editor, distribuidor, etc. Objectiva
Data da publicação, distribuição, etc. 2025
215 ## - Descrição física
Descrição física 125 p.
225 2# - Colecção
Título próprio da colecção Objetivamente
Indicação de volume 2
304 ## - Título e responsabilidade
Texto da nota Tít. orig.: Estuve aquí y me acordé de nosotros
675 ## - CDU
Notação 316.7"20":070
Edição BN
Língua da edição Português
675 ## - CDU
Notação 338.48"20":070
Edição BN
Língua da edição Português
675 ## - CDU
Notação 640.41/.42"20":070
Edição BN
Língua da edição Português
675 ## - CDU
Notação 331.1/.4"20":070
Edição BN
Língua da edição Português
700 ## - Responsabilidade principal
Palavra de ordem Pacheco
Outra parte do nome Anna
Datas 1991-
Koha Internal Code 54361
702 #1 - Responsabilidade secundária
Palavra de ordem Custódio
Outra parte do nome Rita
Datas 1980-
Código de função Tradutor
Koha Internal Code 51809
702 #1 - Responsabilidade secundária
Palavra de ordem Tarradellas
Outra parte do nome Àlex
Datas 1982-
Código de função Tradutor
Koha Internal Code 51810
801 #0 - Fonte de origem
País Portugal
Agência BN
Regras de catalogação RPC
090 ## - Números de controlo do sistema (Koha)
Número biblioitem do Koha (gerado automaticamente) 74435
942 ## - Elementos de entrada adicionados (Koha)
Tipo de item no Koha Monografias
Exemplares
Removido (estado) Perdido (estado) Data de aquisição Origem do registo (biblioteca) (codificado) Código da organização que empresta ou é detentora (biblioteca) Código de barras Local Número de inventário Cota Data de empréstimo ou depósito Tipo de circulação (não pode ser emprestado) Preço Tipo de item e material
Disponível Disponível 2026-01-09 Biblioteca Municipal Álvaro de Campos Biblioteca Municipal Álvaro de Campos BMTAV72998 Sala de Adultos 72998 FB9 PAC 2026-05-02 Normal 13.45 Monografias